Catálogo
 En Linea

Relato / (Registro nro. 13647)

Detalles MARC
000 -CABECERA
campo de control de longitud fija 00874cam a2200241 i 4500
001 - NÚMERO DE CONTROL
campo de control 000014045
005 - FECHA Y HORA DE LA ÚLTIMA TRANSACCIÓN
campo de control 20200929163441.0
008 - DATOS DE LONGITUD FIJA--INFORMACIÓN GENERAL
campo de control de longitud fija 800410s1978 ec af 000 1 spa
010 ## - NÚMERO DE CONTROL DE LA BIBLIOTECA DEL CONGRESO
Número de control de LC 80106486
040 ## - FUENTE DE LA CATALOGACIÓN
Centro catalogador/agencia de origen DO-SdBNP
Centro/agencia transcriptor DLC
Centro/agencia modificador DLC
050 00 - SIGNATURA TOPOGRÁFICA DE LA BIBLIOTECA DEL CONGRESO
Número de clasificación PQ8213
Número de documento/Ítem .R6
082 00 - NÚMERO DE LA CLASIFICACIÓN DECIMAL DEWEY
Número de clasificación 860
100 1# - ENTRADA PRINCIPAL--NOMBRE DE PERSONA
Nombre de persona Rodriguez, Marco Antonio,
Fechas asociadas al nombre 1941-
9 (RLIN) 22723
245 10 - MENCIÓN DE TÍTULO
Título Relato /
Mención de responsabilidad, etc. Marco Antonio Rodriguez. Poesia / Euler Granda ; [fotografia y produccion musical, Jorge Aravena].
250 ## - MENCIÓN DE EDICIÓN
Mención de edición 1. ed.
260 ## - PUBLICACIÓN, DISTRIBUCIÓN, ETC.
Lugar de publicación, distribución, etc. Quito :
Nombre del editor, distribuidor, etc. [s.n.],
Fecha de publicación, distribución, etc. 1978.
300 ## - DESCRIPCIÓN FÍSICA
Extensión 194 p., [15] leaves of plates :
Otras características físicas ill. ;
Dimensiones 21 cm. & disc (45 rpm. stereo. 7 in.).
440 #0 - MENCIÓN DE SERIE/PUNTO DE ACCESO ADICIONAL--TÍTULO
Título Coleccion Musica, palabra e imagen del Ecuador
9 (RLIN) 31814
650 #0 - PUNTO DE ACCESO ADICIONAL DE MATERIA--TÉRMINO DE MATERIA
Término de materia o nombre geográfico como elemento de entrada Ecuadorian literature
Subdivisión cronológica 20th century.
9 (RLIN) 31815
700 12 - PUNTO DE ACCESO ADICIONAL--NOMBRE DE PERSONA
Nombre de persona Granda, Euler,
Título de la obra Poesia. 1978.
9 (RLIN) 31816
700 1# - PUNTO DE ACCESO ADICIONAL--NOMBRE DE PERSONA
Nombre de persona Aravena, Jorge.
9 (RLIN) 31817
910 ## - DATOS DE OPCIÓN DEL USUARIO (OCLC)
Datos de opción del usuario Catalogación por copia / LC
Existencias
Estado de retiro Estado de pérdida Restricciones de uso No para préstamo Código de colección Localización permanente Ubicación/localización actual Ubicación en estantería Fecha de adquisición Número de inventario Total de préstamos Signatura topográfica completa Código de barras Fecha visto por última vez Precio válido a partir de Tipo de ítem Koha
    Préstamo interno   Monografías: Libros y Folletos General General En catalogación 02.12.2009 LF1   860 14045-10 25.06.2020 25.06.2020 Préstamo interno

Con tecnología Koha